00465cam a22001337a 4500008004000000082001500040100003200055245014800087260002700235300001000262500000900272650003000281650002000311180718b1962 xxu||||| |||| 00| 0 eng d aA6x51 M118 aMacartney, George Macartney aAn Embassy to China: being the journal kept by Macartney during his embassy to the Emperor Chein-lung, 1793-1794cby Geroge Macartney Macartney aLondonbLongmansc1962 a421p. a42/- aForeign Relations - China aChina - History